Géographie du monde sur une carte par lettre - D - Statistiques

Statistiques générales
  • Ce quiz a été pris 222 fois
  • Le résultat moyen est 11 sur 20
Réponses sur la Carte
Les réponses sont colorées sur une échelle allant du rouge au vert en fonction du pourcentage des utilisateurs qui les ont devinées à leur premier essai. Vous pouvez retrouver ces pourcentages ci-dessous.
 
Statistiques - réponses
Type de quiz Réponse % Correct
Villes Dublin
96%
Pays Danemark
95%
Fleuves Danube
93%
Pays Dominique
87%
Villes Dakar
86%
Villes Damas
76%
Villes Delhi
76%
Villes Détroit
74%
Pays Djibouti
72%
Régions Dakota du Nord
59%
Étendue d'eau Détroit des {Dardanelles}
48%
Fleuves Dniepr
43%
Sommet Denali
40%
Régions Darfour
38%
Régions Dalmatie
34%
Archipel Dodécanèse
14%
Régions Bouchon du {Darién}
13%
Montagnes Drakensberg
12%
Régions Plateau du {Deccan}
10%
Île Devon
8%
Aucun quiz correspondant
Distribution des résultats
% des personnes avec chaque résultat
Percentile par nombre de réponses
Votre historique - résultats
Vous n’avez pas pris ce quiz